00393nam a22001097a 4500008004100000040005500041080001500096245006800111260006900179300001400248650002100262230410b |||||||| |||| 00| 0 eng d aNational Science LibrarycNational Science Library a338(5)bK0 aEconomic survey of Asia and the Far East 1959c/ United Nations aBangkok: bEconomic Commission for Asia and the Far East, c1960 aix, 169p. aEconomic history